000 00699nam a2200229 4500
001 44739
010 _a9789896650216
021 _aPT
_b400616/15
090 _a44739
100 _a20160321d2015 c y0pory50030103ba
102 _aPT
200 1 _aO monstro das cores
_ftexto e il. Anna Llenas
205 _a1<U+00AA> ed
210 9 _aLisboa
_cNuvem de Letras,
_d2015
215 _a[42] p.
_cmuito il.
_d25 cm
304 _aTít. orig.: El monstruo de colores
675 _a087.5
_vBN
_zpor
675 _a159.942(0.053.5)
_vBN
_zpor
700 1 _aLlenas,
_bAnna,
_f1977-
801 0 _aPT
_bBN
_gRPC
856 4 1 _uhttp://rnod.bnportugal.gov.pt/ImagesBN/winlibimg.aspx?skey=&doc=1925970&img=74558&save=true
990 _cLIVROS